Statistics for Head to Head - Countries #1

Click here to take the quiz!

General Stats

  • This quiz has been taken 97,274 times
  • The average score is 12 of 15

Answer Stats

QuestionAnswer% Correct
Which country is larger in area?
97%
Which receives more tourists per year? (2018)
92%
Which has a longer coastline?
92%
Which has more people?
88%
Which has land further north?
88%
Which has a demonym ending in -ish?
85%
Which has more nuclear missiles?
83%
Which has more official national languages?
82%
Which has more bordering countries?
79%
Which is geographically closer to Australia?
78%
Which of these is in Africa?
74%
Which of these uses a Dollar as their currency?
71%
Which had more military deaths during World War II?
66%
Which has a colder average temperature?
65%
Which of these is more populated?
58%

Score Distribution

Percentile by Number Answered

Percent of People with Each Score

Your Score History

You have not taken this quiz